2008 Worldwide Box Office - Statistics

General Stats
  • This quiz has been taken 9 times
  • The average score is 8 of 10
Answer Stats
Rank Movie Title Worldwide Box Office (USD) Distributor/Studio Genre % Correct
7 Iron Man $584,877,827 Paramount Superhero/Comics
100%
1 The Dark Knight $1,010,086,005 Warner Bros. Superhero/Comics
100%
9 Wall-E $532,508,025 Disney Family/Animation
100%
4 Hancock $624,234,272 Sony Superhero
83%
10 The Chronicles of Narnia: Prince Caspian $417,341,288 Disney Fantasy
83%
2 Indiana Jones and the Kingdom of the Crystal Skull $786,635,413 Paramount Fantasy/Adventure
67%
3 Kung Fu Panda $632,203,486 Paramount Family/Animation
67%
5 Madagascar: Escape 2 Africa $599,680,774 Paramount Family/Animation
67%
6 Quantum of Solace $591,692,078 Sony Action
67%
8 Mamma Mia! $581,335,584 Universal Musical/Comedy
50%
No matching quizzes found
Score Distribution
Percent of People with Each Score
Percentile by Number Answered
Your Score History
You have not taken this quiz